000 00480nam a2200181Ia 4500
005 20250603145033.0
008 250603s9999 xx 000 0 und d
020 _a978-3-031-33304-0
050 _aPN 1995 .G55/
100 _aLash, Dominic; Law, Hoi Lun
245 0 _aGilles Deleuze and Film Criticism: Philosophy, Theory, and the Individual Film
260 _aCham
260 _bPalgrave Macmillan
260 _c2023
300 _a221 p
650 _aCham
942 _cBK
999 _c40682
_d40682